Bild und Begriff : Studien über die Beziehungen zwischen Kunst und Wissenschaft /

Hlavní autor: Kuczynski, Jürgen, 1904-1997
Jazyk: Němčina
Vydáno: Berlin : Aufbau-Verlag, 1975
Vydání: 1. Aufl.
Fyzický popis: 463 s.
Knihy
Uloženo v:
LEADER 00660nam a22002052a 4500
001 000150131
003 CZ BrMZK
005 20130319111956.0
007 ta
008 950101s1975 gw f ger d
040 |a BOA001  |b cze 
100 1 |a Kuczynski, Jürgen,  |d 1904-1997  |7 jn19990004714  |4 aut 
245 1 0 |a Bild und Begriff :  |b Studien über die Beziehungen zwischen Kunst und Wissenschaft /  |c Jürgen Kuczynski 
250 |a 1. Aufl. 
260 |a Berlin :  |b Aufbau-Verlag,  |c 1975 
300 |a 463 s. 
910 |a BOA001  |b 2-0754.092 
990 |a BK 
991 |b 201207 
996 7 |b 2619954164  |c 2-0754.092  |l MZK  |r Sklad / do 1 hodiny  |n 1  |w 000150131  |u 000010  |a 1  |e BOA001  |j MZK50  |s A